La negligencia médica ante la doctrina y jurisprudencia nacionales

Saved in:
Bibliographic Details
Main Author: Noriega Potocnjak, Fernando (autor)
Format: Book
Language:Spanish
Published: Santiago Ediciones Jurídicas de Santiago 2011
Edition:1a. ed
Subjects:
Tags: Add Tag
No Tags, Be the first to tag this record!

MARC

LEADER 00000cam a2200000 a 4500
001 UCG8504
003 CL-VaPUC
008 111212e20110900CL |||||||||||||||||spa|d
020 |a 9789568285531 
082 0 4 |a 344.04196  |b NOR  |2 21 
100 |a Noriega Potocnjak, Fernando  |e autor  |9 559558 
245 1 3 |a La negligencia médica ante la doctrina y jurisprudencia nacionales 
250 |a 1a. ed 
300 |a 169 p 
942 |c BK 
945 |d 20111212 00:00:00  |a dcastane 
260 |a Santiago  |b Ediciones Jurídicas de Santiago  |c 2011 
650 0 |a Ética médica  |9 312024 
650 0 |a Manipulación genética  |9 373579 
650 0 |a Derechos humanos  |9 223025 
650 7 |a NEGLIGENCIA MEDICA  |2 CL-VaPUC  |9 487073 
583 |a last modification  |c 20111212 13:13:00  |k Rodrigo Vera 
999 |c 346113  |d 346111 
952 |0 0  |1 0  |4 0  |6 344_041960000000000_NOR_2011  |7 0  |8 A  |9 446608  |a BIBDER  |b BIBDER  |d 2019-11-22  |i 4813243  |o 344.04196 NOR 2011  |p 4813243  |r 2023-01-25  |w 2019-11-22  |y BK  |k DER